000 003340000a22001570004500
650 _aNepali poetry
082 _aN895.511
_bS927s
530 _aM
100 _aSarma, Motiprasad
245 _aSarita; kavita sangraha
260 _aKalimpong
_bVivecana Prakasan
260 _c1993
041 _aNep
300 _a56p.
942 _cGEN
999 _c8242
_d8242